[Event "Santa Catarina-ch 64th "]
[White "Cordeiro,Marco Aurelio Zaror"]
[Black "Matsuura,Everaldo"]
[Site "Lages"]
[Round "3"]
[Annotator ""]
[Result "0-1"]
[Date "2020.02.15"]
[WhiteElo "2223"]
[BlackElo "2443"]
[PlyCount "32"]

1. e4 c5 2. Nf3 Nc6 3. d4 cxd4 4. Nxd4 g6 5. Nxc6 bxc6 6. Qd4 Nf6 7. e5 Nd5 8. Nc3 Bg7 9. Nxd5 cxd5 10. Qxd5 Rb8 11. f4 O-O 12. Be3 d6 13. Bxa7 Rxb2 14. Bd3 Be6 15. Qd4 Qa5+ 16. Kf2 Rb7 0-1

[Event "Santa Catarina-ch 64th "]
[White "Matsuura,Everaldo"]
[Black "Do Valle Cardoso,Lucas"]
[Site "Lages"]
[Round "4"]
[Annotator ""]
[Result "1-0"]
[Date "2020.02.15"]
[WhiteElo "2443"]
[BlackElo "2238"]
[PlyCount "81"]

1. c4 Nf6 2. Nc3 e5 3. g3 Nc6 4. Bg2 Bb4 5. Nf3 O-O 6. O-O d6 7. d3 Bxc3 8. bxc3 a6 9. Rb1 Rb8 10. e4 b5 11. cxb5 axb5 12. Nh4 b4 13. cxb4 Rxb4 14. Rxb4 Nxb4 15. a3 Nc6 16. f4 Bg4 17. Qd2 Bd7 18. Nf5 Bxf5 19. exf5 Nd4 20. Bb2 c5 21. a4 Qc7 22. fxe5 dxe5 23. Bxd4 exd4 24. Rc1 Qa7 25. a5 h6 26. Ra1 Qa6 27. Qc2 Rb8 28. Qc4 Qa7 29. a6 Rb4 30. Qa2 Ne8 31. Qd5 Nc7 32. Qd8+ Kh7 33. f6 gxf6 34. Qxf6 Ne8 35. Be4+ Kg8 36. Qxh6 Rb6 37. Bh7+ Kh8 38. Bg6+ Kg8 39. Qh7+ Kf8 40. Qh8+ Ke7 41. Re1+ 1-0

[Event "Santa Catarina-ch 64th "]
[White "Matsuura,Everaldo"]
[Black "Moyses Sobrinho,Elias"]
[Site "Lages"]
[Round "2"]
[Annotator ""]
[Result "1-0"]
[Date "2020.02.14"]
[WhiteElo "2443"]
[BlackElo "1879"]
[PlyCount "51"]

1. e4 d5 2. exd5 Nf6 3. c4 c6 4. d4 cxd5 5. Nc3 dxc4 6. Bxc4 e6 7. Nf3 Be7 8. O-O O-O 9. Re1 Nc6 10. a3 b6 11. Qd3 Bb7 12. Bg5 Na5 13. Ba2 h6 14. Bf4 Bd6 15. Ne5 Bxe5 16. Bxe5 Nc6 17. Qh3 Nxe5 18. dxe5 Nh7 19. Rad1 Qe7 20. Nb5 Ng5 21. Qg4 Qc5 22. Nd6 Bd5 23. Bxd5 exd5 24. b4 Qc3 25. Re3 Qc6 26. Nf5 1-0

[Event "Santa Catarina-ch 64th "]
[White "Moretto,Heitor Frainer"]
[Black "Matsuura,Everaldo"]
[Site "Lages"]
[Round "1"]
[Annotator ""]
[Result "0-1"]
[Date "2020.02.14"]
[WhiteElo "1518"]
[BlackElo "2443"]
[PlyCount "63"]

1. d4 Nf6 2. Bf4 g6 3. e3 Bg7 4. Nf3 d6 5. h3 O-O 6. Be2 Nbd7 7. O-O e6 8. c4 Qe7 9. Nc3 e5 10. Bh2 b6 11. Qc2 Bb7 12. Rac1 Rfe8 13. Rfd1 exd4 14. Nxd4 Ne4 15. Nxe4 Bxe4 16. Qd2 Ne5 17. b3 Rad8 18. f4 Nd7 19. Kh1 Nf6 20. Bg1 c5 21. Nb5 d5 22. Qe1 Qb7 23. Nc3 d4 24. Nxe4 Nxe4 25. Bf3 d3 26. Bxe4 Qxe4 27. Qd2 h6 28. Bf2 g5 29. fxg5 hxg5 30. Bg1 Re6 31. Re1 Be5 32. Rcd1 0-1

[Event "Florianopolis op 6th"]
[White "Bachmann,Axel"]
[Black "Matsuura,Everaldo"]
[Site "Florianopolis"]
[Round "10"]
[Annotator ""]
[Result "1/2-1/2"]
[Date "2020.01.26"]
[WhiteElo "2611"]
[BlackElo "2433"]
[PlyCount "23"]

1. Nf3 d5 2. g3 Nf6 3. Bg2 g6 4. O-O Bg7 5. d3 O-O 6. Nbd2 c5 7. e4 Nc6 8. Re1 e5 9. exd5 Nxd5 10. a3 Bf5 11. Ne4 b6 12. c4 1/2-1/2

[Event "Florianopolis op 6th"]
[White "Guimaraes,Wagner Peixoto"]
[Black "Matsuura,Everaldo"]
[Site "Florianopolis"]
[Round "8"]
[Annotator ""]
[Result "0-1"]
[Date "2020.01.25"]
[WhiteElo "2230"]
[BlackElo "2433"]
[PlyCount "104"]

1. e4 c5 2. c3 Nf6 3. e5 Nd5 4. d4 cxd4 5. Nf3 Nc6 6. cxd4 d6 7. Bc4 Nb6 8. Bb5 dxe5 9. Nxe5 Bd7 10. Bxc6 Bxc6 11. Nxc6 bxc6 12. O-O e6 13. Nc3 Be7 14. Be3 O-O 15. Qe2 Qd7 16. Rac1 a5 17. Qc2 Rfc8 18. Na4 Nd5 19. Bd2 Qa7 20. Nc5 a4 21. a3 Rcb8 22. Rfd1 Bxc5 23. dxc5 Rb3 24. Be1 Rab8 25. Rb1 Qa6 26. g3 Qb5 27. Qe4 g6 28. h4 h5 29. Qe5 Rc8 30. Bd2 Kh7 31. Qg5 Rxb2 32. Qh6+ Kg8 33. Rbc1 Qe2 34. Be1 Rcb8 35. Qg5 R8b3 36. Rd2 Rxd2 37. Bxd2 Rb2 38. Be1 Kh7 39. Qd8 Rc2 40. Ra1 Qe5 41. Rd1 Rxc5 42. Qa8 Qe2 43. Qxa4 e5 44. Rb1 Rc2 45. Qb3 Nf6 46. Qe3 Qxe3 47. fxe3 Ra2 48. Bb4 Ne4 49. Rc1 Nxg3 50. Rxc6 Nf5 51. Rc4 Nxe3 52. Re4 Ng4 0-1

[Event "Florianopolis op 6th"]
[White "Matsuura,Everaldo"]
[Black "De Borba,Guilherme"]
[Site "Florianopolis"]
[Round "9"]
[Annotator ""]
[Result "1/2-1/2"]
[Date "2020.01.25"]
[WhiteElo "2433"]
[BlackElo "2263"]
[PlyCount "56"]

1. e4 e5 2. Nf3 Nc6 3. Bb5 a6 4. Ba4 Nf6 5. O-O Nxe4 6. d4 b5 7. Bb3 d5 8. dxe5 Be6 9. Nbd2 Bc5 10. c3 O-O 11. Bc2 Nxf2 12. Rxf2 f6 13. exf6 Bxf2+ 14. Kxf2 Qxf6 15. Kg1 Rae8 16. Qf1 Bf5 17. Bxf5 Qxf5 18. Nb3 Ne5 19. Nbd4 Nxf3+ 20. Nxf3 Qc2 21. h3 Re2 22. b3 Qxc3 23. Qxe2 Qxa1 24. Qe6+ Kh8 25. Qc6 Qxa2 26. Qxd5 Qb1 27. Qc5 Re8 28. Qc6 Rf8 1/2-1/2

[Event "Florianopolis op 6th"]
[White "Matsuura,Everaldo"]
[Black "Cordeiro,Marco Aurelio Zaror"]
[Site "Florianopolis"]
[Round "7"]
[Annotator ""]
[Result "1-0"]
[Date "2020.01.24"]
[WhiteElo "2433"]
[BlackElo "2217"]
[PlyCount "93"]

1. e4 c5 2. Nf3 Nc6 3. d4 cxd4 4. Nxd4 d5 5. exd5 Qxd5 6. Be3 Nxd4 7. Nc3 Nf3+ 8. gxf3 Qxd1+ 9. Rxd1 Bd7 10. Bb5 Nf6 11. O-O Bc6 12. Rd4 e6 13. Rc4 Nd7 14. Bxc6 bxc6 15. Rxc6 Ne5 16. Ra6 Nxf3+ 17. Kg2 Nh4+ 18. Kh3 Nf5 19. Nb5 Rb8 20. Nc7+ Kd8 21. Bf4 Rb4 22. Be5 Re4 23. Rd1+ Kc8 24. Rxa7 Rxe5 25. Na6 Rd5 26. Rxd5 exd5 27. b4 Bd6 28. Ra8+ Kb7 29. Rxh8 Kxa6 30. c3 Kb5 31. Ra8 Be5 32. a4+ Kb6 33. a5+ Kb7 34. Rd8 Bxc3 35. Rxd5 g6 36. Rd7+ Ka6 37. Rxf7 Bxb4 38. Rxh7 Kxa5 39. Kg4 Bd2 40. h4 Nd6 41. Rg7 Ne4 42. Kf3 Nf6 43. Rxg6 Bc3 44. h5 Kb5 45. h6 Nd7 46. Ke4 Kc5 47. Kf5 1-0

[Event "Florianopolis op 6th"]
[White "Matsuura,Everaldo"]
[Black "Santiago,Yago de Moura"]
[Site "Florianopolis"]
[Round "5"]
[Annotator ""]
[Result "1/2-1/2"]
[Date "2020.01.23"]
[WhiteElo "2433"]
[BlackElo "2486"]
[PlyCount "30"]

1. c4 e6 2. Nc3 d5 3. d4 Nf6 4. cxd5 exd5 5. Bg5 c6 6. e3 Bd6 7. Bd3 O-O 8. Qc2 h6 9. Bh4 a5 10. Nf3 Re8 11. O-O Na6 12. a3 Nc7 13. Rab1 Bg4 14. Nd2 Bd7 15. Bg3 Bxg3 1/2-1/2

[Event "Florianopolis op 6th"]
[White "Rodrigues,Edgar"]
[Black "Matsuura,Everaldo"]
[Site "Florianopolis"]
[Round "4"]
[Annotator ""]
[Result "0-1"]
[Date "2020.01.22"]
[WhiteElo "2328"]
[BlackElo "2433"]
[PlyCount "68"]

1. e4 c5 2. Nf3 Nc6 3. Nc3 g6 4. d4 cxd4 5. Nxd4 Bg7 6. Nb3 Nf6 7. g4 d5 8. exd5 Nb4 9. g5 Nfxd5 10. Bb5+ Kf8 11. a3 Nxc2+ 12. Qxc2 Nxc3 13. bxc3 Qd5 14. Rg1 Qxb5 15. Nd4 Qc4 16. Be3 Bd7 17. Qd2 Rc8 18. Rc1 Be5 19. f4 Bd6 20. Ne2 h6 21. Bd4 Rh7 22. gxh6 Rxh6 23. f5 Rxh2 24. fxg6 Bb5 25. Rg2 Rxg2 26. Qh6+ Ke8 27. Qh8+ Kd7 28. Qh3+ Qe6 29. Qxg2 Bc6 30. Qf2 Qxg6 31. Kd2 a6 32. Rg1 Qe6 33. Rg7 Bb5 34. Nc1 Rh8 0-1

[Event "Rio de Janeiro Duchamp op 3rd"]
[White "Matsuura,Everaldo"]
[Black "Cezila,Rubens Jr"]
[Site "Rio de Janeiro"]
[Round "7"]
[Annotator ""]
[Result "1-0"]
[Date "2019.12.12"]
[WhiteElo "2448"]
[BlackElo "2191"]
[PlyCount "85"]

1. c4 Nf6 2. Nc3 g6 3. e4 d6 4. d4 Bg7 5. f3 O-O 6. Bg5 c5 7. d5 e6 8. Qd2 exd5 9. cxd5 a6 10. a4 Nbd7 11. Nh3 Re8 12. Be2 Qa5 13. O-O Qb4 14. Nf2 Ne5 15. Qc1 Bd7 16. Bxf6 Bxf6 17. f4 Nc4 18. e5 Nxe5 19. fxe5 Bxe5 20. Bf3 Re7 21. Ra2 Rae8 22. Ne2 Bf5 23. g4 Bd7 24. Nd3 Qa5 25. Nxe5 Rxe5 26. Qc3 Qd8 27. b4 b6 28. bxc5 bxc5 29. Qc4 a5 30. Qf4 f5 31. g5 Qb6 32. Qc4 Bc8 33. Nc3 Qd8 34. h4 Re3 35. Re2 Rxe2 36. Nxe2 Qe7 37. Nf4 Qe3+ 38. Kg2 Ba6 39. Qxa6 Qxf4 40. Qb5 Re3 41. Qxa5 Kf7 42. Qd8 Re7 43. Qh8 1-0

[Event "Rio de Janeiro Duchamp op 3rd"]
[White "Matsuura,Everaldo"]
[Black "Mendes Domingues,Ribeiro Matheus"]
[Site "Rio de Janeiro"]
[Round "3"]
[Annotator ""]
[Result "0-1"]
[Date "2019.12.08"]
[WhiteElo "2448"]
[BlackElo "2061"]
[PlyCount "54"]

1. d4 d5 2. c4 e6 3. Nf3 Nf6 4. e3 Be7 5. Nc3 O-O 6. Bd3 dxc4 7. Bxc4 c5 8. O-O Nc6 9. a3 cxd4 10. exd4 b6 11. Ba2 Bb7 12. Bg5 Nd5 13. Be3 Nxc3 14. bxc3 Bxa3 15. Bxe6 Bb2 16. Ra2 Bxc3 17. Bb3 Na5 18. Bc2 Qd5 19. Qd3 g6 20. Ra4 Rac8 21. Bb1 Qb3 22. Rxa5 bxa5 23. Bh6 Rfe8 24. Ng5 Qc4 25. Qxc4 Rxc4 26. Ba2 Rc7 27. d5 Bg7 0-1

[Event "Rio de Janeiro Duchamp op 3rd"]
[White "Matsuura,Everaldo"]
[Black "Frankental,David"]
[Site "Rio de Janeiro"]
[Round "1"]
[Annotator ""]
[Result "1-0"]
[Date "2019.12.07"]
[WhiteElo "2448"]
[BlackElo "1928"]
[PlyCount "69"]

1. e4 c5 2. Nf3 Nc6 3. d4 cxd4 4. Nxd4 d6 5. c4 g6 6. Nc3 Bg7 7. Be3 Nf6 8. Be2 O-O 9. O-O Bd7 10. h3 Rc8 11. Nc2 b6 12. Qd2 Na5 13. Na3 Be6 14. b3 Qd7 15. Rac1 Ne8 16. Nab5 Nc6 17. f4 f5 18. Bf3 fxe4 19. Nxe4 Kh8 20. Ng5 Bg8 21. Bg4 e6 22. Rfd1 Rd8 23. Ne4 h5 24. Bf3 d5 25. cxd5 exd5 26. Ng5 Ne7 27. Nd4 Nf5 28. Nc6 Rc8 29. Ne5 Bxe5 30. Rxc8 Qxc8 31. fxe5 Nxe3 32. Qxe3 Nc7 33. e6 Nxe6 34. Nxe6 Qxe6 35. Qh6+ 1-0

[Event "Niteroi op 1st"]
[White "Matsuura,Everaldo"]
[Black "Da Cunha,Fabio Barbosa"]
[Site "Niteroi"]
[Round "7"]
[Annotator ""]
[Result "1-0"]
[Date "2019.09.08"]
[WhiteElo "2445"]
[BlackElo "2117"]
[PlyCount "51"]

1. c4 Nf6 2. Nc3 d6 3. g3 g6 4. Bg2 Bg7 5. e4 Nbd7 6. Nge2 e5 7. O-O O-O 8. d3 Re8 9. h3 a5 10. f4 exf4 11. Bxf4 Nh5 12. Be3 Ne5 13. Qd2 Be6 14. g4 Nf6 15. b3 c5 16. Rad1 h5 17. g5 Nfd7 18. d4 cxd4 19. Nxd4 Nc5 20. Ndb5 Ned3 21. Qe2 Qd7 22. Rf3 Ne5 23. Bxc5 Nxf3+ 24. Qxf3 dxc5 25. Rxd7 Bxd7 26. Nc7 1-0

[Event "Niteroi op 1st"]
[White "Barbosa,Evandro Amorim"]
[Black "Matsuura,Everaldo"]
[Site "Niteroi"]
[Round "6"]
[Annotator ""]
[Result "1-0"]
[Date "2019.09.07"]
[WhiteElo "2497"]
[BlackElo "2445"]
[PlyCount "135"]

1. e4 e5 2. Nf3 Nc6 3. Bc4 Bc5 4. d3 d6 5. c3 Nf6 6. O-O a6 7. Bb3 h6 8. Re1 O-O 9. h3 Be6 10. Bc2 Ba7 11. Nbd2 Re8 12. Nf1 d5 13. exd5 Bxd5 14. Ng3 Qd7 15. Nh4 Bc5 16. b4 Bf8 17. a4 b5 18. Ne4 Nxe4 19. dxe4 Be6 20. Qxd7 Bxd7 21. Be3 Ne7 22. Nf3 Ng6 23. axb5 axb5 24. Nd2 Be6 25. Kh2 Be7 26. Nb3 Bg5 27. Bc5 Be7 28. Ba7 Red8 29. g3 Bc4 30. h4 Nf8 31. Be3 Rxa1 32. Rxa1 Bd3 33. Rc1 Ne6 34. Na5 Bxc2 35. Rxc2 Ra8 36. Nc6 Bd6 37. Na7 c5 38. Nxb5 Bf8 39. bxc5 Nxc5 40. Bxc5 Bxc5 41. Kg2 h5 42. Nc7 Rc8 43. Nd5 g6 44. Rb2 Kg7 45. Rb7 Kf8 46. f4 exf4 47. gxf4 Ra8 48. Rc7 Ra2+ 49. Kh3 Bf2 50. f5 gxf5 51. exf5 Rd2 52. Nf4 Rd1 53. Nxh5 Rh1+ 54. Kg4 Rxh4+ 55. Kg5 Rh1 56. f6 Be3+ 57. Kg4 Kg8 58. c4 Rg1+ 59. Kf3 Bd4 60. Ke4 Rg4+ 61. Kf5 Rg1 62. Rc8+ Kh7 63. Rf8 Rf1+ 64. Ke4 Bc3 65. c5 Bb4 66. Rc8 Bxc5 67. Rxc5 Kg6 68. Nf4+ 1-0

[Event "Niteroi op 1st"]
[White "Matsuura,Everaldo"]
[Black "Supi,Luis Paulo"]
[Site "Niteroi"]
[Round "4"]
[Annotator ""]
[Result "1/2-1/2"]
[Date "2019.09.06"]
[WhiteElo "2445"]
[BlackElo "2569"]
[PlyCount "111"]

1. e4 c5 2. Nf3 d6 3. d4 cxd4 4. Nxd4 Nf6 5. Nc3 Nc6 6. Bg5 e6 7. Qd2 a6 8. O-O-O Bd7 9. f3 Nxd4 10. Qxd4 Be7 11. Be3 b5 12. g4 O-O 13. g5 Nh5 14. Qd2 f6 15. Rg1 g6 16. gxf6 Nxf6 17. Bh3 e5 18. Bxd7 Qxd7 19. Nd5 Nxd5 20. Qxd5+ Kg7 21. Qxe5+ dxe5 22. Rxd7 Rf7 23. Kd1 Bf8 24. Rxf7+ Kxf7 25. Ke2 Ke6 26. Rd1 Be7 27. Rd5 Rc8 28. c3 Bd6 29. Rd1 Be7 30. Ra1 Bd6 31. Bd2 Rb8 32. b4 a5 33. a4 axb4 34. cxb4 bxa4 35. Rxa4 Be7 36. Ra6+ Kf7 37. Bc3 Bxb4 38. Bxe5 Rc8 39. Kd3 Be7 40. f4 Rd8+ 41. Ke2 Rd7 42. Rc6 Ra7 43. Kf3 Ra3+ 44. Rc3 Rxc3+ 45. Bxc3 Ke6 46. Kg4 h5+ 47. Kf3 Bd8 48. Ke3 Bc7 49. h3 Bb6+ 50. Kd3 Bc7 51. Bd2 Bd8 52. Kc4 Be7 53. Kb5 Bf6 54. Kc6 Be7 55. Be3 Bh4 56. Kc7 1/2-1/2

[Event "Niteroi op 1st"]
[White "Mecking,Henrique"]
[Black "Matsuura,Everaldo"]
[Site "Niteroi"]
[Round "5"]
[Annotator ""]
[Result "1/2-1/2"]
[Date "2019.09.06"]
[WhiteElo "2564"]
[BlackElo "2445"]
[PlyCount "59"]

1. d4 d5 2. c4 c6 3. Nf3 Nf6 4. Nc3 e6 5. e3 Nbd7 6. Qc2 Bd6 7. Bd3 O-O 8. O-O dxc4 9. Bxc4 b5 10. Be2 Bb7 11. e4 e5 12. Rd1 Qc7 13. dxe5 Nxe5 14. Nxe5 Bxe5 15. g3 a6 16. Be3 c5 17. Bf3 Bxc3 18. bxc3 Rfe8 19. Bf4 Qe7 20. Re1 Nd7 21. Rad1 Ne5 22. Bxe5 Qxe5 23. Bg2 Rad8 24. f4 Qe7 25. e5 Bxg2 26. Kxg2 g6 27. h4 Rxd1 28. Rxd1 Rd8 29. Rd2 h5 30. Kf2 1/2-1/2

[Event "Niteroi op 1st"]
[White "Alboredo,Julia"]
[Black "Matsuura,Everaldo"]
[Site "Niteroi"]
[Round "3"]
[Annotator ""]
[Result "0-1"]
[Date "2019.09.05"]
[WhiteElo "2141"]
[BlackElo "2445"]
[PlyCount "66"]

1. e4 c6 2. d4 d5 3. exd5 cxd5 4. Bd3 Nc6 5. c3 g6 6. Bf4 Bg7 7. Nf3 f6 8. O-O Nh6 9. Re1 O-O 10. Bb5 Nf7 11. Bg3 Bg4 12. Nbd2 e5 13. Bxc6 bxc6 14. dxe5 fxe5 15. h3 Bh5 16. Qa4 Qb6 17. Qb3 Rfe8 18. Qxb6 axb6 19. Bh4 Bxf3 20. Nxf3 c5 21. a3 e4 22. Nd2 Ne5 23. Rab1 Nd3 24. Re2 Bh6 25. Kf1 Rf8 26. Kg1 Rae8 27. Nf1 d4 28. cxd4 cxd4 29. Rd1 Nf4 30. Rc2 Bg7 31. Rc7 d3 32. Rd2 Bd4 33. Re7 Ne2+ 0-1

[Event "Niteroi op 1st"]
[White "Matsuura,Everaldo"]
[Black "Romano,Alexandre Pinto"]
[Site "Niteroi"]
[Round "2"]
[Annotator ""]
[Result "1-0"]
[Date "2019.09.05"]
[WhiteElo "2445"]
[BlackElo "2033"]
[PlyCount "57"]

1. e4 c5 2. Nf3 d6 3. d4 cxd4 4. Nxd4 Nf6 5. Nc3 Nc6 6. Bg5 e6 7. Qd2 Be7 8. O-O-O a6 9. f3 d5 10. exd5 Nxd5 11. Nxc6 bxc6 12. Bxe7 Qxe7 13. Ne4 O-O 14. c4 Nf6 15. Qd6 Qxd6 16. Nxf6+ gxf6 17. Rxd6 Bb7 18. Be2 Rfd8 19. Rhd1 Rxd6 20. Rxd6 Kg7 21. Rd7 Rb8 22. c5 f5 23. Bc4 Kf6 24. f4 h5 25. h4 Kg6 26. g3 Kf6 27. b3 Kg6 28. Kb2 Kf6 29. Ka3 1-0

[Event "Niteroi op 1st"]
[White "Gomes,Pedro Pessoa"]
[Black "Matsuura,Everaldo"]
[Site "Niteroi"]
[Round "1"]
[Annotator ""]
[Result "0-1"]
[Date "2019.09.04"]
[WhiteElo "1815"]
[BlackElo "2445"]
[PlyCount "60"]

1. c4 g6 2. Nc3 Bg7 3. g3 Nf6 4. Bg2 O-O 5. d3 c6 6. e4 d5 7. exd5 cxd5 8. Nxd5 Nxd5 9. Bxd5 Nc6 10. a3 Ne5 11. d4 e6 12. dxe5 exd5 13. Qxd5 Qc7 14. Bf4 Be6 15. Qe4 Rad8 16. Rc1 Bf5 17. Qe2 Bd3 18. Qe3 Qa5+ 19. Rc3 Bxc4 20. Ne2 Rd3 21. Qe4 Rfd8 22. O-O Rxc3 23. bxc3 b5 24. Bg5 Re8 25. Rd1 h6 26. Bf4 g5 27. Bc1 Rxe5 28. Qa8+ Kh7 29. Nd4 Qxc3 30. Nf3 Bd5 0-1

[Event "Caioba Telecom op 5th"]
[White "Rodrigues,Edgar"]
[Black "Matsuura,Everaldo"]
[Site "Caioba"]
[Round "9"]
[Annotator ""]
[Result "1/2-1/2"]
[Date "2019.08.18"]
[WhiteElo "2322"]
[BlackElo "2449"]
[PlyCount "47"]

1. e4 c5 2. Nf3 Nc6 3. Nc3 e5 4. Bc4 d6 5. d3 Be7 6. Nd2 Nf6 7. Nf1 O-O 8. Ne3 Be6 9. O-O Kh8 10. Ncd5 Nd7 11. f4 exf4 12. Nxf4 Bxc4 13. Nxc4 Nde5 14. Ne3 Bg5 15. Kh1 Ne7 16. Qh5 Bxf4 17. Rxf4 N7g6 18. Rf5 b5 19. Bd2 b4 20. Raf1 a5 21. R5f2 Ra7 22. Nf5 f6 23. b3 a4 24. d4 1/2-1/2

[Event "Caioba Telecom op 5th"]
[White "Matsuura,Everaldo"]
[Black "Gauche,Charles"]
[Site "Caioba"]
[Round "8"]
[Annotator ""]
[Result "1-0"]
[Date "2019.08.17"]
[WhiteElo "2449"]
[BlackElo "2201"]
[PlyCount "67"]

1. e4 c5 2. Nf3 e6 3. d4 cxd4 4. Nxd4 Nf6 5. Nc3 d6 6. Be3 a6 7. f3 e5 8. Nb3 Be6 9. Qd2 b5 10. O-O-O Nbd7 11. g4 b4 12. Nd5 Bxd5 13. exd5 a5 14. Kb1 Rb8 15. g5 Nh5 16. Bh3 a4 17. Bxd7+ Qxd7 18. Na5 Ra8 19. Nc6 g6 20. Qd3 Qb7 21. Qc4 Kd7 22. f4 Bg7 23. fxe5 dxe5 24. Rhf1 f5 25. gxf6 Bxf6 26. Nxe5+ Ke8 27. Ng4 Rf8 28. Bc5 Rf7 29. d6 b3 30. Nxf6+ Nxf6 31. d7+ Kd8 32. Rxf6 bxc2+ 33. Qxc2 Ra7 34. Rxf7 1-0

[Event "Caioba Telecom op 5th"]
[White "Di Berardino,Diego Rafael"]
[Black "Matsuura,Everaldo"]
[Site "Caioba"]
[Round "7"]
[Annotator ""]
[Result "1-0"]
[Date "2019.08.16"]
[WhiteElo "2482"]
[BlackElo "2449"]
[PlyCount "49"]

1. d4 d5 2. c4 dxc4 3. Nf3 c5 4. e3 cxd4 5. Bxc4 Qc7 6. Bb3 dxe3 7. Bxe3 Nf6 8. Nc3 e6 9. O-O Nc6 10. Nb5 Qb8 11. Qc1 Nh5 12. Re1 a6 13. Nbd4 Bb4 14. Nxc6 bxc6 15. Bc5 Bxe1 16. Qg5 Qc7 17. Qxh5 Ba5 18. Ng5 Bd2 19. Bxe6 Bxe6 20. Nxe6 Qd7 21. Nxg7+ Kd8 22. Rd1 f6 23. Nf5 Re8 24. Be3 Kc8 25. Nd6+ 1-0

[Event "Caioba Telecom op 5th"]
[White "Molina,Roberto Junio Brito"]
[Black "Matsuura,Everaldo"]
[Site "Caioba"]
[Round "6"]
[Annotator ""]
[Result "1/2-1/2"]
[Date "2019.08.15"]
[WhiteElo "2454"]
[BlackElo "2449"]
[PlyCount "39"]

1. e4 c5 2. Nf3 g6 3. c4 Nc6 4. d4 cxd4 5. Nxd4 Nf6 6. Nc3 Nxd4 7. Qxd4 d6 8. Be2 Bg7 9. Be3 O-O 10. Qd2 a5 11. O-O a4 12. Rac1 Qa5 13. Rfd1 Be6 14. f3 Rfc8 15. Nb5 Qxd2 16. Rxd2 Nd7 17. Nd4 Nc5 18. Nxe6 fxe6 19. Rb1 Kf7 20. Kf2 1/2-1/2

[Event "Caioba Telecom op 5th"]
[White "Matsuura,Everaldo"]
[Black "Cubas,Jose Fernando"]
[Site "Caioba"]
[Round "5"]
[Annotator ""]
[Result "1/2-1/2"]
[Date "2019.08.14"]
[WhiteElo "2449"]
[BlackElo "2485"]
[PlyCount "141"]

1. c4 e5 2. g3 Nc6 3. Bg2 g6 4. Nc3 Bg7 5. d3 d6 6. Rb1 a5 7. e3 Nf6 8. Nge2 h5 9. h3 Bd7 10. e4 Qc8 11. Be3 O-O 12. Rc1 Nb4 13. a3 Na6 14. Rb1 Nc5 15. b4 axb4 16. axb4 Na4 17. Nxa4 Bxa4 18. Qc1 Bd7 19. Nc3 Re8 20. b5 Be6 21. Nd5 Nd7 22. b6 Bxd5 23. cxd5 cxb6 24. O-O Ra6 25. Qxc8 Rxc8 26. h4 Rc3 27. Rb4 Bf6 28. Rfb1 Bd8 29. d4 exd4 30. Bxd4 Rc2 31. Bf1 Ra3 32. R4b2 Rxb2 33. Rxb2 Bf6 34. Bxf6 Nxf6 35. Bg2 Ra1+ 36. Kh2 Nd7 37. Bh3 Nc5 38. Bg2 Nd3 39. Rxb6 Nxf2 40. Rxd6 Ng4+ 41. Kh3 Nf2+ 42. Kh2 Ng4+ 43. Kh3 Ra2 44. Rb6 Nf2+ 45. Kh2 Nxe4 46. Rxb7 Nf6 47. Kh3 Ng4 48. Rb3 Rd2 49. Ra3 Kg7 50. Rb3 Kf6 51. Rf3+ Kg7 52. Ra3 f5 53. Rb3 Nf6 54. Rb7+ Kh6 55. Rb6 Ng4 56. Rb3 Kg7 57. Ra3 Kf6 58. Ra6+ Kf7 59. Ra7+ Kg8 60. Ra8+ Kh7 61. Ra7+ Kh6 62. Ra3 Nf6 63. Ra6 Nxd5 64. Bxd5 Rxd5 65. Ra7 Rd6 66. Rb7 Rd3 67. Kg2 Ra3 68. Rc7 Ra4 69. Kf3 Rg4 70. Rf7 Ra4 71. Rb7 1/2-1/2

[Event "Caioba Telecom op 5th"]
[White "Santiago,Yago de Moura"]
[Black "Matsuura,Everaldo"]
[Site "Caioba"]
[Round "4"]
[Annotator ""]
[Result "1/2-1/2"]
[Date "2019.08.14"]
[WhiteElo "2477"]
[BlackElo "2449"]
[PlyCount "67"]

1. e4 e5 2. Nf3 Nc6 3. d3 Nf6 4. c4 Bc5 5. Be2 d6 6. O-O Nd7 7. Nc3 Nf8 8. Nd2 Ne6 9. Nb3 O-O 10. Be3 Ncd4 11. Bg4 c6 12. Kh1 a6 13. Bxd4 Nxd4 14. Bxc8 Rxc8 15. f4 exf4 16. Rxf4 Nxb3 17. axb3 Bd4 18. Qc2 Be5 19. Rf3 d5 20. exd5 cxd5 21. d4 Bxd4 22. Rd1 Be5 23. Nxd5 Qe8 24. Rh3 h6 25. Ne3 Rc6 26. Nf5 Re6 27. Rf1 Qc6 28. Qf2 Qc7 29. Rf3 a5 30. Ne3 Bd4 31. Nd5 Bxf2 32. Nxc7 Rc6 33. R3xf2 Rxc7 34. Rf5 1/2-1/2

[Event "Caioba Telecom op 5th"]
[White "Lopes,Artur Farias"]
[Black "Matsuura,Everaldo"]
[Site "Caioba"]
[Round "2"]
[Annotator ""]
[Result "0-1"]
[Date "2019.08.13"]
[WhiteElo "1990"]
[BlackElo "2449"]
[PlyCount "78"]

1. e4 e5 2. Nf3 Nc6 3. Nc3 Nf6 4. Be2 Bb4 5. Nd5 Ba5 6. c3 Nxe4 7. d3 Nf6 8. Bg5 d6 9. O-O Be6 10. Nxf6+ gxf6 11. Bh4 Rg8 12. Nd2 d5 13. f4 Qd6 14. Kh1 Bb6 15. b4 exf4 16. d4 Ne7 17. Bf3 Rg6 18. Qe2 Nf5 19. Bf2 c6 20. Rfe1 Kf8 21. Nf1 Kg8 22. a3 Kh8 23. Ra2 Rag8 24. Qd3 Bc7 25. Qe2 Qf8 26. Qd3 Qh6 27. Rae2 Nd6 28. Rxe6 fxe6 29. Rxe6 Ne4 30. Rxe4 dxe4 31. Qxe4 Rg5 32. a4 Qg6 33. Bh4 Qxe4 34. Bxe4 Re8 35. Bxg5 fxg5 36. Nd2 a5 37. Kg1 axb4 38. cxb4 Bb6 39. b5 Bxd4+ 0-1

[Event "Caioba Telecom op 5th"]
[White "Matsuura,Everaldo"]
[Black "Labussiere,Victor"]
[Site "Caioba"]
[Round "3"]
[Annotator ""]
[Result "1-0"]
[Date "2019.08.13"]
[WhiteElo "2449"]
[BlackElo "2247"]
[PlyCount "79"]

1. d4 d5 2. c4 dxc4 3. e3 Nf6 4. Bxc4 e6 5. Nf3 c5 6. O-O a6 7. Bb3 Be7 8. Qe2 cxd4 9. exd4 Nc6 10. Rd1 O-O 11. Nc3 Na5 12. Bc2 b5 13. Ne4 Bb7 14. Nc5 Bd5 15. Ne5 Nb7 16. Bg5 Nxc5 17. dxc5 Bxc5 18. Rd3 Rc8 19. Rad1 Be7 20. Rg3 g6 21. h4 Re8 22. Bb1 Nd7 23. Bxe7 Qxe7 24. Nxd7 Qxd7 25. h5 Rc7 26. Qe5 f5 27. hxg6 h6 28. g7 Re7 29. Qf6 Rxg7 30. Rxg7+ Qxg7 31. Qd8+ Kh7 32. Rxd5 Rc1+ 33. Kh2 Kg6 34. Qe8+ Kf6 35. Rd6 Rxb1 36. Qxe6+ Kg5 37. Qe3+ f4 38. Rd5+ Kf6 39. Qe5+ Kg6 40. Qf5# 1-0

[Event "Caioba Telecom op 5th"]
[White "Matsuura,Everaldo"]
[Black "Osipi,Jair"]
[Site "Caioba"]
[Round "1"]
[Annotator ""]
[Result "1/2-1/2"]
[Date "2019.08.12"]
[WhiteElo "2449"]
[BlackElo "2137"]
[PlyCount "100"]

1. c4 c5 2. Nc3 Nc6 3. e3 e5 4. Nf3 f5 5. d4 e4 6. d5 exf3 7. dxc6 dxc6 8. Qxf3 Nf6 9. e4 fxe4 10. Nxe4 Nxe4 11. Qxe4+ Qe7 12. Bd3 Qxe4+ 13. Bxe4 Be6 14. b3 Be7 15. Bb2 Kf7 16. O-O-O Rad8 17. Rxd8 Bxd8 18. Re1 Bf6 19. Bxf6 Kxf6 20. f4 b5 21. Bxc6 bxc4 22. bxc4 Bxc4 23. Re5 Bxa2 24. g4 h6 25. h4 Rd8 26. Be4 Rd4 27. Kb2 Be6 28. g5+ hxg5 29. hxg5+ Kf7 30. f5 Bd7 31. Bd5+ Kf8 32. Kc3 Rg4 33. g6 Bb5 34. Be4 a6 35. Kd2 Rg3 36. Rxc5 Ke7 37. Rc7+ Kf6 38. Rf7+ Ke5 39. Bc2 Rg2+ 40. Kc3 Rg3+ 41. Kd2 Rg2+ 42. Kc3 Rg3+ 43. Kb4 Rg4+ 44. Ka5 Rg2 45. Bb3 Bd3 46. Be6 Rg5 47. Rxg7 Bxf5 48. Bxf5 Kxf5 49. Kxa6 Rxg6+ 50. Rxg6 Kxg6 1/2-1/2

[Event "Registro op 10th"]
[White "Matsuura,Everaldo"]
[Black "Fernandez,Maria Florencia"]
[Site "Registro"]
[Round "7"]
[Annotator ""]
[Result "1-0"]
[Date "2019.08.04"]
[WhiteElo "2449"]
[BlackElo "2229"]
[PlyCount "32"]

1. c4 Nf6 2. Nc3 g6 3. g3 Bg7 4. Bg2 O-O 5. e4 e5 6. Nge2 d6 7. O-O c5 8. d3 Nc6 9. f4 Nd4 10. f5 Rb8 11. h3 a6 12. g4 Ne8 13. Nd5 f6 14. b4 Nxe2+ 15. Qxe2 cxb4 16. Be3 Bd7 1-0

[Event "Registro op 10th"]
[White "Itagyba,Renan Fortes"]
[Black "Matsuura,Everaldo"]
[Site "Registro"]
[Round "4"]
[Annotator ""]
[Result "0-1"]
[Date "2019.08.03"]
[WhiteElo "1722"]
[BlackElo "2449"]
[PlyCount "26"]

1. e4 Nf6 2. Nc3 d5 3. e5 Nfd7 4. e6 fxe6 5. Bd3 Nf6 6. g4 g6 7. h4 e5 8. f3 e4 9. Be2 Qd6 10. Rh3 h5 11. Nb5 Qb6 12. Rh1 hxg4 13. fxg4 Rxh4 0-1